|
|
|
|
| LEADER |
00000nab a2200000 a 4500 |
| 001 |
vtls010204926 |
| 003 |
SK-MaSNL |
| 005 |
20260304183910.0 |
| 008 |
250708|2010 xo |||||||||||||| b|slo |
| 015 |
|
|
|a SNBRB2011/01
|2 snkbucl
|
| 035 |
|
|
|a urn:nbn:sk:snk-ab7tve
|
| 035 |
|
|
|a (urnnbn)urn:nbn:sk:snk:ar-003wlg
|
| 035 |
|
|
|a (uuid)7e1ca268-0d52-43de-bed8-869400fd5af2
|
| 038 |
|
|
|a SNKBUCL
|
| 040 |
|
|
|a SNKBUCL
|b slo
|c SNKBUCL
|e AACR2
|
| 041 |
0 |
|
|a slo
|
| 044 |
|
|
|a xo
|c SK
|
| 080 |
|
|
|a 94(100)"1939/1945"
|2 2001
|
| 080 |
|
|
|a 323.12"1939/1945"
|2 2001
|
| 080 |
|
|
|a 329.17-051
|2 2001
|
| 100 |
1 |
|
|a Galibert, Lucia
|4 aut
|9 1121511
|
| 245 |
1 |
0 |
|a Husson, Edoard. Heydrich et la Solution Finale
|c Lucia Galibert
|
| 600 |
1 |
7 |
|a Heydrich, Reinhard,
|d 1904-1942
|2 snkbucl
|9 218238
|
| 650 |
0 |
7 |
|a holokaust (1939-1945)
|2 snkbucl
|9 160313
|
| 650 |
0 |
7 |
|a druhá svetová vojna (1939-1945)
|2 snkbucl
|9 169657
|
| 650 |
0 |
7 |
|a monografie
|2 snkbucl
|9 256509
|
| 655 |
|
7 |
|a recenzie
|2 snkbucl
|9 21907
|
| 773 |
0 |
|
|t Historický časopis
|g Roč. 58, č. 3 (2010), s. 588-591
|x 0018-2575
|
| 787 |
0 |
8 |
|i Rec.:
|a Husson, Edoard, 1969-
|t Heydrich et la Solution Finale
|d Paris : Perrin, 2008
|
| 850 |
|
|
|a Slovenská národná knižnica
|
| 852 |
|
|
|a Slovenská národná knižnica
|
| 954 |
|
|
|a odborná, vedecká literatúra pôvodná (slovenská)
|2 lita
|
| 958 |
|
|
|a article9
|
| 958 |
|
|
|a OND
|
| 958 |
|
|
|a RC
|
| 958 |
|
|
|a NE
|
| 958 |
|
|
|a EUIPO
|
| 999 |
|
|
|c 3036136
|d 3038066
|